Máquinas para obras

Bibliographic Details
Main Authors: Gabay, A, Zemp, J
Format: Section = Libro
Language:Undetermined
Spanish
Published: La Habana Pueblo y Educación 1979
Subjects:
LEADER 00443nam a2200181Ia 4500
008 240829s9999 xx 000 0 und d
040 |a BIBLIOTECA-RUSB/ 629.225 G112 
041 |a spa 
082 |a 629.225 G112 
100 1 |a Gabay, A  
100 1 |b  Zemp, J 
245 1 0 |a Máquinas para obras 
260 |a La Habana  |b Pueblo y Educación  |c 1979 
300 |a 389 p. :il. 
650 7 |a MOTORESECANICA 
942 |c BK  |2 ddc 
991 |a TEXTO 
999 |c 3856